| 000 | 00767nam a22002177a 4500 | ||
|---|---|---|---|
| 942 | _cBK | ||
| 999 |
_c214 _d214 |
||
| 005 | 20250420134800.0 | ||
| 008 | 191208b ||||| |||| 00| 0 eng d | ||
| 020 | _a9781521773178 | ||
| 040 | _cKCST | ||
| 082 | _a621.39 | ||
| 110 |
_aLife Hacks Books _9809 |
||
| 245 |
_aIf Steve Jobs was coaching you : _bcharismatic leadership lessons borrowed from Steve Jobs for High-Potential People and Leaders. _cLife Hacks Books |
||
| 260 |
_a[place not identified], _bLife hacks books. _c2017. |
||
| 300 | _a109 p. | ||
| 440 |
_aThe leadership series _9810 |
||
| 650 |
_aJobs, Steve, -- 1955-2011. _9811 |
||
| 650 |
_aApple Computer, Inc _xHistory _9812 |
||
| 650 |
_aComputer engineers _xBiography _xJuvenile literature. _zUnited States. _9813 |
||
| 942 | _2ddc | ||